[Event "Cto. FACV Ind. Preferente Xeraco 2014"]
[Site "Xeraco ESP"]
[Date "2014.10.18"]
[Round "3.6"]
[White "Morant Gomar, Sergio"]
[Black "Sendra Tormo, Juan"]
[Result "0-1"]
[WhiteElo "1709"]
[BlackElo "1836"]
[PlyCount "110"]
[EventDate "2014.09.27"]
[EventType "swiss"]
[EventRounds "7"]
[EventCountry "ESP"]
[Source "lmi"]
[SourceDate "2014.09.27"]

1. c4 c5 2. g3 Nf6 3. Bg2 Nc6 4. Nc3 e5 5. d3 g6 6. Bg5 h6 7. Bxf6 Qxf6 8. e3
Bg7 9. Nge2 d6 10. Nd5 Qd8 11. Nec3 a6 12. Qb3 Bd7 13. Nb6 Na5 14. Qa3 Qxb6 15.
Nd5 Qd8 16. b4 cxb4 17. Qxb4 Bc6 18. O-O Bxd5 19. Bxd5 Rb8 20. a4 Nc6 21. Qb3
O-O 22. Rab1 Qc7 23. Rfc1 b6 24. Qa2 Ne7 25. Bg2 Kh8 26. h4 f5 27. Qe2 f4 28.
Be4 Qd7 29. Kg2 d5 30. cxd5 Nxd5 31. Qa2 Ne7 32. Rc2 fxg3 33. f3 Nf5 34. Bxf5
Qxf5 35. Qd5 Rbd8 36. Qe4 Rxd3 37. Rxb6 Qxe4 38. fxe4 Rxe3 39. Rxa6 Rxe4 40.
Kxg3 Re3+ 41. Kg2 Kh7 42. Ra7 Kg8 43. Rcc7 Bf6 44. a5 Ra3 45. a6 Rd8 46. Rc2
Bxh4 47. Re2 Bf6 48. Kf2 h5 49. Rc2 e4 50. Ke2 Rh3 51. Rac7 Ra3 52. a7 h4 53.
Rb7 h3 54. Rd2 h2 55. Rd1 Rxd1 0-1

[Event "Cto. FACV Ind. Preferente Xeraco 2014"]
[Site "Xeraco ESP"]
[Date "2014.10.18"]
[Round "3.7"]
[White "Cortell Canet, Miguel"]
[Black "Serra Ujaldon, Pau"]
[Result "0-1"]
[WhiteElo "1785"]
[BlackElo "1671"]
[PlyCount "100"]
[EventDate "2014.09.27"]
[EventType "swiss"]
[EventRounds "7"]
[EventCountry "ESP"]
[Source "lmi"]
[SourceDate "2014.09.27"]

1. d4 Nf6 2. Nf3 c5 3. d5 d6 4. c4 b5 5. cxb5 a6 6. b6 Qxb6 7. Nc3 g6 8. e4 Bg7
9. Be2 O-O 10. O-O Nbd7 11. Qc2 Ng4 12. b3 Nge5 13. Bb2 Nxf3+ 14. Bxf3 Rb8 15.
Na4 Qb4 16. Bxg7 Kxg7 17. Be2 a5 18. Rad1 Nf6 19. Nc3 Bd7 20. f4 Bg4 21. e5
Bxe2 22. exf6+ exf6 23. Nxe2 Rfe8 24. Qd3 Re7 25. Ng3 f5 26. Qc4 Qb7 27. Rfe1
Rbe8 28. Qc3+ Kg8 29. Rxe7 Qxe7 30. Kf2 Qh4 31. Qd2 Re4 32. Kg1 Rxf4 33. Re1
Rd4 34. Re8+ Kg7 35. Qc3 Kh6 36. Qc1+ Kg7 37. Qc3 Kh6 38. Rf8 Qf4 39. Qe1 Kg7
40. Ra8 Rxd5 41. Rxa5 Qd4+ 42. Kh1 Qd1 43. Qg1 f4 44. Ne4 Qc2 45. Nf2 Rd2 46.
h3 Rxf2 47. Ra4 Qe2 48. Kh2 f3 49. Rg4 Rf1 50. Re4 f2 0-1

[Event "Cto. FACV Ind. Preferente Xeraco 2014"]
[Site "Xeraco ESP"]
[Date "2014.10.18"]
[Round "3.8"]
[White "Deruelle Sala, Albert"]
[Black "Tormo Bas, Gonzalo"]
[Result "1-0"]
[WhiteElo "2063"]
[BlackElo "1792"]
[PlyCount "63"]
[EventDate "2014.09.27"]
[EventType "swiss"]
[EventRounds "7"]
[EventCountry "ESP"]
[Source "lmi"]
[SourceDate "2014.09.27"]

1. d4 Nf6 2. c4 c5 3. d5 e6 4. Nc3 exd5 5. cxd5 d6 6. e4 g6 7. f4 Bg7 8. Bb5+
Bd7 9. e5 Nh5 10. Nf3 O-O 11. Bxd7 Qxd7 12. O-O Re8 13. Re1 b5 14. a4 b4 15.
Nb5 Bf8 16. Nxd6 Bxd6 17. exd6 Na6 18. Be3 Qxd6 19. Qd3 Nc7 20. Rad1 Rxe3 21.
Qxe3 Re8 22. Ne5 Nxd5 23. Nxf7 Nxe3 24. Nxd6 Nxd1 25. Rxe8+ Kg7 26. Re7+ Kg8
27. Rxa7 Nxb2 28. a5 Nxf4 29. Rb7 Na4 30. a6 Nd5 31. a7 Nab6 32. Nc4 1-0

[Event "Cto. FACV Ind. Preferente Xeraco 2014"]
[Site "Xeraco ESP"]
[Date "2014.10.18"]
[Round "3.10"]
[White "Soler Nadal, Jose Antonio"]
[Black "Bonell Selles, Juan"]
[Result "0-1"]
[WhiteElo "1824"]
[BlackElo "1774"]
[PlyCount "61"]
[EventDate "2014.09.27"]
[EventType "swiss"]
[EventRounds "7"]
[EventCountry "ESP"]
[Source "lmi"]
[SourceDate "2014.09.27"]

1. Nf3 e6 2. e4 c5 3. d4 cxd4 4. Nxd4 a6 5. Nc3 Qc7 6. Be3 Nf6 7. Be2 b5 8. Qd2
Bb4 9. f3 Bb7 10. O-O-O Nc6 11. g4 O-O 12. g5 Ne8 13. h4 Rc8 14. Nxc6 Bxc6 15.
Qd4 Bxc3 16. Qxc3 Qb7 17. Qa5 Nc7 18. h5 d5 19. e5 d4 20. Bxd4 Bxf3 21. Bxf3
Qxf3 22. g6 Nd5 23. gxh7+ Kxh7 24. Kb1 Rc4 25. Qd2 Rfc8 26. h6 g6 27. Rdf1 Qe4
28. Rxf7+ Kh8 29. Rd1 Rxd4 30. Rf8+ Rxf8 31. Qxd4 0-1

[Event "Cto. FACV Ind. Preferente Xeraco 2014"]
[Site "Xeraco ESP"]
[Date "2014.10.25"]
[Round "4.1"]
[White "Barbero Verdu, Francisco"]
[Black "Canamas Soler, Jose Vicente"]
[Result "1-0"]
[WhiteElo "2051"]
[BlackElo "1955"]
[PlyCount "73"]
[EventDate "2014.09.27"]
[EventType "swiss"]
[EventRounds "7"]
[EventCountry "ESP"]
[Source "lmi"]
[SourceDate "2014.09.27"]

1. c4 Nf6 2. Nc3 g6 3. g3 Bg7 4. Bg2 O-O 5. e3 d6 6. Nge2 c6 7. O-O Nbd7 8. d4
e5 9. b3 Re8 10. Qc2 Nf8 11. Rd1 Qa5 12. Bb2 Bg4 13. h3 Bf5 14. e4 exd4 15.
exf5 dxc3 16. Nxc3 Rad8 17. fxg6 hxg6 18. Rd2 d5 19. cxd5 Nxd5 20. Nxd5 Bxb2
21. Qxb2 cxd5 22. Rad1 d4 23. Bxb7 Ne6 24. Bc6 Re7 25. b4 Qf5 26. Bg2 Rc7 27.
Qb1 Qb5 28. Bf1 Qg5 29. Qe4 Rdc8 30. h4 Qe7 31. a3 Rc3 32. Rxd4 Rxa3 33. Rd7
Qf6 34. Bc4 Re8 35. Qc6 Rf3 36. R7d3 Rxf2 37. Qxe8+ 1-0

[Event "Cto. FACV Ind. Preferente Xeraco 2014"]
[Site "Xeraco ESP"]
[Date "2014.10.25"]
[Round "4.2"]
[White "Castillo Pla, Emilio"]
[Black "Vanaclocha Llorens, Jose Loren"]
[Result "1-0"]
[WhiteElo "1903"]
[BlackElo "1899"]
[PlyCount "131"]
[EventDate "2014.09.27"]
[EventType "swiss"]
[EventRounds "7"]
[EventCountry "ESP"]
[Source "lmi"]
[SourceDate "2014.09.27"]

1. e4 c5 2. c3 d5 3. exd5 Qxd5 4. d4 Nf6 5. Nf3 Bg4 6. Be2 e6 7. O-O Be7 8. Be3
cxd4 9. cxd4 Nc6 10. Nc3 Qd7 11. Qd2 Bb4 12. a3 Ne4 13. Qc1 Nxc3 14. bxc3 Ba5
15. Rd1 Qe7 16. Bg5 Qc7 17. c4 f6 18. Bh4 Rd8 19. Qe3 O-O 20. Bg3 Qe7 21. h3
Bh5 22. Rac1 Rfe8 23. Bh2 Bf7 24. Bf1 Rd7 25. c5 Bc7 26. Bxc7 Rxc7 27. Qc3 a6
28. Bc4 Qd8 29. Ba2 Ne7 30. Qa5 Rd7 31. Qb4 Nc6 32. Qc3 Ne7 33. Rb1 Qc8 34. Rb6
Nd5 35. Bxd5 Rxd5 36. Rdb1 Rd7 37. c6 Rc7 38. cxb7 Qxb7 39. Qa5 Qe4 40. Qxa6
Rc6 41. Qb5 Rxb6 42. Qxb6 Bg6 43. Re1 Qd5 44. a4 Kf7 45. Qc7+ Re7 46. Qf4 Qa5
47. g4 Qxa4 48. h4 Qa6 49. h5 Bc2 50. g5 f5 51. g6+ hxg6 52. Ne5+ Ke8 53. Nxg6
Rb7 54. Qe5 Be4 55. d5 Rb5 56. Qxg7 Qb7 57. Qg8+ Kd7 58. Qxe6+ Kc7 59. d6+ Kb8
60. Qe8+ Ka7 61. Ra1+ Kb6 62. Qd8+ Kc5 63. Rc1+ Kd4 64. Qf6+ Kd3 65. Nf4+ Kd2
66. Qc3# 1-0

[Event "Cto. FACV Ind. Preferente Xeraco 2014"]
[Site "Xeraco ESP"]
[Date "2014.10.25"]
[Round "4.3"]
[White "Sendra Tormo, Juan"]
[Black "Ferrer Berenguer, Ligorio"]
[Result "1/2-1/2"]
[WhiteElo "1836"]
[BlackElo "2032"]
[PlyCount "123"]
[EventDate "2014.09.27"]
[EventType "swiss"]
[EventRounds "7"]
[EventCountry "ESP"]
[Source "lmi"]
[SourceDate "2014.09.27"]

1. e4 e5 2. Nf3 Nc6 3. Bb5 a6 4. Ba4 Nf6 5. O-O Be7 6. Re1 b5 7. Bb3 d6 8. c3
O-O 9. h3 Nb8 10. a4 Bb7 11. d3 c5 12. Nbd2 Qc7 13. d4 Nbd7 14. d5 c4 15. Bc2
Nc5 16. Nf1 Rfe8 17. Ng3 Nfd7 18. Nf5 Bf8 19. Nh2 bxa4 20. Rxa4 Nxa4 21. Bxa4
Red8 22. Bxd7 Qxd7 23. Ng4 f6 24. Qf3 Kh8 25. Nfe3 Rac8 26. h4 Qf7 27. g3 Rc7
28. h5 h6 29. Kg2 Bc8 30. Nf5 Bxf5 31. Qxf5 a5 32. Be3 Rb8 33. Ra1 Rb5 34. Ra4
Qe8 35. Ra2 Qd7 36. Qg6 Qf7 37. Qf5 Be7 38. Kg1 Bd8 39. Kg2 Rcb7 40. Qc8 Qc7
41. Qe6 Qd7 42. Qxd7 Rxd7 43. Bc1 Bb6 44. f3 Rc7 45. Ra4 Rc8 46. Kf1 f5 47.
exf5 Rxd5 48. Ke2 Bd8 49. Nf2 Be7 50. g4 Rb5 51. Ne4 d5 52. Nd2 Bg5 53. Kd1
Rcc5 54. Nf1 Bxc1 55. Kxc1 d4 56. Nd2 dxc3 57. bxc3 Rb7 58. Kc2 Rbc7 59. Ne4
Rd5 60. Nd2 Rdc5 61. Ne4 Rd5 62. Nd2 1/2-1/2

[Event "Cto. FACV Ind. Preferente Xeraco 2014"]
[Site "Xeraco ESP"]
[Date "2014.10.25"]
[Round "4.4"]
[White "Frances Saez, Juan Vicente"]
[Black "Company Sancho, Miguel"]
[Result "1/2-1/2"]
[WhiteElo "1985"]
[BlackElo "1894"]
[PlyCount "62"]
[EventDate "2014.09.27"]
[EventType "swiss"]
[EventRounds "7"]
[EventCountry "ESP"]
[Source "lmi"]
[SourceDate "2014.09.27"]

1. e4 e6 2. d4 d5 3. Nc3 Nf6 4. e5 Nfd7 5. f4 c5 6. Nf3 Nc6 7. Be3 cxd4 8. Nxd4
a6 9. Qd2 Nxd4 10. Bxd4 Bc5 11. O-O-O Bxd4 12. Qxd4 Qb6 13. Ne2 Qxd4 14. Nxd4
g6 15. h4 h5 16. c4 dxc4 17. Bxc4 Ke7 18. Be2 Nb6 19. Bf3 Nd5 20. Bxd5 exd5 21.
Kd2 Bg4 22. Rc1 Rac8 23. Ke3 f6 24. b3 fxe5 25. fxe5 Rhf8 26. Rxc8 Rxc8 27. Kd2
Rf8 28. Ke3 Rc8 29. Rf1 Rc3+ 30. Kd2 Rg3 31. Rf2 Bd7 1/2-1/2

[Event "Cto. FACV Ind. Preferente Xeraco 2014"]
[Site "Xeraco ESP"]
[Date "2014.10.25"]
[Round "4.5"]
[White "Oltra Landete, Fidel"]
[Black "Serra Ujaldon, Pau"]
[Result "1-0"]
[WhiteElo "1980"]
[BlackElo "1671"]
[PlyCount "75"]
[EventDate "2014.09.27"]
[EventType "swiss"]
[EventRounds "7"]
[EventCountry "ESP"]
[Source "lmi"]
[SourceDate "2014.09.27"]

1. e4 c5 2. Nf3 Nc6 3. d4 cxd4 4. Nxd4 g6 5. Nc3 Bg7 6. Be3 Nf6 7. Nxc6 bxc6 8.
e5 Ng8 9. Bd4 Qc7 10. e6 Bxd4 11. exf7+ Kxf7 12. Qxd4 e5 13. Qc4+ Kg7 14. O-O-O
Rb8 15. Qc5 Nh6 16. Qe7+ Nf7 17. Bc4 Rf8 18. Ne4 Qd8 19. Qxd8 Nxd8 20. Nd6 Rxf2
21. Nxc8 Rxc8 22. Rxd7+ Nf7 23. Rxa7 Re8 24. Re1 e4 25. Re3 Kf8 26. Bxf7 Rxf7
27. Rxf7+ Kxf7 28. Kd2 Kf6 29. Kc3 Ke5 30. g3 Rf8 31. a4 h5 32. h4 Kf5 33. Kd4
Rg8 34. b3 Re8 35. b4 Re5 36. c4 c5+ 37. bxc5 Re8 38. c6 1-0

[Event "Cto. FACV Ind. Preferente Xeraco 2014"]
[Site "Xeraco ESP"]
[Date "2014.10.25"]
[Round "4.6"]
[White "Bonell Selles, Juan"]
[Black "Rodriguez Ferrer, Pablo"]
[Result "1/2-1/2"]
[WhiteElo "1774"]
[BlackElo "2101"]
[PlyCount "87"]
[EventDate "2014.09.27"]
[EventType "swiss"]
[EventRounds "7"]
[EventCountry "ESP"]
[Source "lmi"]
[SourceDate "2014.09.27"]

1. e4 e6 2. d4 d5 3. Nc3 dxe4 4. Nxe4 Nd7 5. Bg5 Ngf6 6. Bd3 Be7 7. Bxf6 Nxf6
8. Nf3 Nxe4 9. Bxe4 c5 10. O-O cxd4 11. Qxd4 Qxd4 12. Nxd4 f5 13. Bd3 Bf6 14.
Nb5 O-O 15. Rfe1 e5 16. Bc4+ Kh8 17. Rad1 a6 18. Nd6 g6 19. Nf7+ Kg7 20. Nxe5
Re8 21. Nd3 Bd7 22. Nf4 Rxe1+ 23. Rxe1 Re8 24. Rxe8 Bxe8 25. c3 Be5 26. Ne6+
Kf6 27. f4 Bd6 28. Bb3 Bd7 29. Nd4 Bxf4 30. Bd5 b6 31. Nf3 g5 32. g3 Be3+ 33.
Kg2 Bc1 34. b3 Bb2 35. c4 Bc3 36. Kf2 f4 37. gxf4 gxf4 38. h4 h6 39. Bb7 a5 40.
Ke2 Bf5 41. Nd2 Kg6 42. Bf3 Kf6 43. Ne4+ Bxe4 44. Bxe4 1/2-1/2

[Event "Cto. FACV Ind. Preferente Xeraco 2014"]
[Site "Xeraco ESP"]
[Date "2014.10.25"]
[Round "4.7"]
[White "Garcia Requena, Joan"]
[Black "Deruelle Sala, Albert"]
[Result "0-1"]
[WhiteElo "1775"]
[BlackElo "2063"]
[PlyCount "42"]
[EventDate "2014.09.27"]
[EventType "swiss"]
[EventRounds "7"]
[EventCountry "ESP"]
[Source "lmi"]
[SourceDate "2014.09.27"]

1. c4 e5 2. Nc3 f5 3. d3 Nf6 4. g3 Bb4 5. Bg2 O-O 6. Bd2 Qe7 7. Nd5 Nxd5 8.
Bxd5+ Kh8 9. Bg2 a5 10. Bc3 Na6 11. e3 c6 12. a3 Bxc3+ 13. bxc3 f4 14. Nh3 d5
15. cxd5 f3 16. Bf1 cxd5 17. Qb3 Nc5 18. Qd1 Bd7 19. Rb1 Ba4 20. Qd2 d4 21. e4
Nb3 0-1

[Event "Cto. FACV Ind. Preferente Xeraco 2014"]
[Site "Xeraco ESP"]
[Date "2014.10.25"]
[Round "4.8"]
[White "Castello Castello, Juan Jose"]
[Black "Cortell Canet, Miguel"]
[Result "0-1"]
[WhiteElo "1753"]
[BlackElo "1785"]
[PlyCount "78"]
[EventDate "2014.09.27"]
[EventType "swiss"]
[EventRounds "7"]
[EventCountry "ESP"]
[Source "lmi"]
[SourceDate "2014.09.27"]

1. Nf3 d5 2. c4 d4 3. e3 c5 4. d3 Nc6 5. Be2 e5 6. exd4 exd4 7. O-O Nf6 8. Re1
Be7 9. Bf4 O-O 10. Nbd2 Nh5 11. Bg3 Nxg3 12. hxg3 Bf5 13. a3 Qc7 14. Nh4 Bd7
15. Bf1 f5 16. Nhf3 Rf6 17. Nh2 Rh6 18. Ndf3 Rf8 19. Qd2 Rh5 20. Qe2 Bd6 21.
Ne5 Rh6 22. Nxd7 Qxd7 23. f4 Qf7 24. Qf3 Rg6 25. Be2 Re6 26. Nf1 Rfe8 27. Kf2
Bc7 28. b4 cxb4 29. axb4 Nxb4 30. Rxa7 Nc2 31. Rb1 Rxe2+ 32. Qxe2 Rxe2+ 33.
Kxe2 Qe7+ 34. Kd2 Nb4 35. Rxb7 Na2 36. Ra1 Nc3 37. Re1 Qd7 38. Ra1 Bxf4+ 39.
gxf4 Qxb7 0-1

[Event "Cto. FACV Ind. Preferente Xeraco 2014"]
[Site "Xeraco ESP"]
[Date "2014.10.25"]
[Round "4.9"]
[White "Tormo Bas, Gonzalo"]
[Black "Morant Gomar, Sergio"]
[Result "1-0"]
[WhiteElo "1792"]
[BlackElo "1709"]
[PlyCount "57"]
[EventDate "2014.09.27"]
[EventType "swiss"]
[EventRounds "7"]
[EventCountry "ESP"]
[Source "lmi"]
[SourceDate "2014.09.27"]

1. Nf3 Nf6 2. c4 b6 3. g3 Bb7 4. Bg2 g6 5. Nc3 c5 6. d3 Bg7 7. Bd2 d6 8. Qc1
Na6 9. Bh6 O-O 10. h4 Nc7 11. h5 Nxh5 12. g4 e5 13. gxh5 Qf6 14. Bxg7 Kxg7 15.
hxg6 Qxg6 16. Nh4 Qg4 17. Bxb7 Rae8 18. Nf3 Kh8 19. Qh6 Qg7 20. Qh4 Re6 21.
O-O-O Rg6 22. Rdg1 Ne6 23. Bd5 Nd4 24. Rxg6 fxg6 25. Ng5 h6 26. Nf7+ Rxf7 27.
Bxf7 Qxf7 28. Qxh6+ Kg8 29. Qh8# 1-0

[Event "Cto. FACV Ind. Preferente Xeraco 2014"]
[Site "Xeraco ESP"]
[Date "2014.10.25"]
[Round "4.10"]
[White "Olivares Ruiz, Pedro"]
[Black "Soler Nadal, Jose Antonio"]
[Result "0-1"]
[WhiteElo "1745"]
[BlackElo "1824"]
[PlyCount "93"]
[EventDate "2014.09.27"]
[EventType "swiss"]
[EventRounds "7"]
[EventCountry "ESP"]
[Source "lmi"]
[SourceDate "2014.09.27"]

1. d4 d5 2. c4 e6 3. Nc3 Nf6 4. Nf3 c6 5. Bg5 Be7 6. e3 Nbd7 7. Bd3 O-O 8. Qc2
h6 9. Bh4 b6 10. O-O Bb7 11. cxd5 cxd5 12. Rac1 Rc8 13. Qe2 Ne4 14. Bxe7 Qxe7
15. Rc2 Nxc3 16. bxc3 Qa3 17. Rfc1 Rc7 18. Nd2 Rfc8 19. c4 Ba6 20. f3 e5 21.
Nb1 Qb4 22. a3 Qa5 23. Kf2 exd4 24. exd4 Nf6 25. Qd2 Qxd2+ 26. Nxd2 dxc4 27.
Bxc4 Bxc4 28. Rxc4 Rxc4 29. Rxc4 Rxc4 30. Nxc4 Nd5 31. Ke2 Kf8 32. g3 Ke7 33.
Ne5 a6 34. Kd3 f6 35. Nc4 b5 36. Na5 Kd7 37. Nb3 Kc6 38. h4 g6 39. g4 f5 40.
Nc5 a5 41. Ne6 b4 42. axb4 axb4 43. Kc4 fxg4 44. Nd8+ Kd6 45. Nf7+ Kc6 46. Ne5+
Kd6 47. fxg4 0-1

[Event "Cto. FACV Ind. Preferente Xeraco 2014"]
[Site "Xeraco ESP"]
[Date "2014.11.08"]
[Round "5.1"]
[White "Castillo Pla, Emilio"]
[Black "Barbero Verdu, Francisco"]
[Result "1-0"]
[WhiteElo "1903"]
[BlackElo "2051"]
[PlyCount "59"]
[EventDate "2014.09.27"]
[EventType "swiss"]
[EventRounds "7"]
[EventCountry "ESP"]
[Source "lmi"]
[SourceDate "2014.09.27"]

1. e4 d6 2. d4 Nf6 3. Nc3 g6 4. Nf3 Bg7 5. h3 c6 6. a4 O-O 7. Be3 a5 8. Be2 Qc7
9. O-O b6 10. Qd2 Ba6 11. Rad1 Rd8 12. Rfe1 b5 13. axb5 cxb5 14. Nd5 Nxd5 15.
exd5 Nd7 16. Bg5 Nf6 17. Bxf6 Bxf6 18. Nh2 Bb7 19. Ng4 Bg7 20. Bxb5 Bxd5 21. c4
Rab8 22. Ne3 Be6 23. b3 Bd7 24. Nd5 Qa7 25. Rxe7 Rxb5 26. Qf4 f5 27. cxb5 Qb8
28. Qg5 Bxb5 29. Nf6+ Kh8 30. Qh6 1-0

[Event "Cto. FACV Ind. Preferente Xeraco 2014"]
[Site "Xeraco ESP"]
[Date "2014.11.08"]
[Round "5.2"]
[White "Deruelle Sala, Albert"]
[Black "Oltra Landete, Fidel"]
[Result "1-0"]
[WhiteElo "2063"]
[BlackElo "1980"]
[PlyCount "93"]
[EventDate "2014.09.27"]
[EventType "swiss"]
[EventRounds "7"]
[EventCountry "ESP"]
[Source "lmi"]
[SourceDate "2014.09.27"]

1. d4 Nf6 2. c4 g6 3. Nc3 d5 4. cxd5 Nxd5 5. e4 Nxc3 6. bxc3 Bg7 7. Bc4 c5 8.
Ne2 Nc6 9. Be3 O-O 10. O-O Qc7 11. Rb1 Rd8 12. Qa4 Bd7 13. Qa3 Na5 14. Bb5 b6
15. Qa4 cxd4 16. cxd4 Bxb5 17. Qxb5 Qc4 18. a4 Rac8 19. Rfc1 Qxb5 20. axb5 Kf8
21. f3 Nc4 22. Kf2 Nxe3 23. Kxe3 e6 24. e5 Ke8 25. Ra1 Rxc1 26. Nxc1 Rc8 27.
Nd3 Rc7 28. Nb4 Rc3+ 29. Ke4 Rb3 30. Nc6 Rxb5 31. Rxa7 Rb2 32. Re7+ Kf8 33. Rb7
Ke8 34. Re7+ Kf8 35. Rd7 Kg8 36. g4 Rxh2 37. Nd8 b5 38. Nxf7 h6 39. Nd8 h5 40.
Nxe6 Bh8 41. Nf4 h4 42. g5 h3 43. e6 Rg2 44. Rd8+ Kg7 45. e7 Rg1 46. Ke3 h2 47.
e8=Q 1-0

[Event "Cto. FACV Ind. Preferente Xeraco 2014"]
[Site "Xeraco ESP"]
[Date "2014.11.08"]
[Round "5.3"]
[White "Company Sancho, Miguel"]
[Black "Ferrer Berenguer, Ligorio"]
[Result "0-1"]
[WhiteElo "1894"]
[BlackElo "2032"]
[PlyCount "71"]
[EventDate "2014.09.27"]
[EventType "swiss"]
[EventRounds "7"]
[EventCountry "ESP"]
[Source "lmi"]
[SourceDate "2014.09.27"]

1. d4 Nf6 2. c4 e6 3. Nc3 Bb4 4. Qc2 d5 5. e3 c5 6. a3 Bxc3+ 7. bxc3 O-O 8. Nf3
Nc6 9. Be2 Qc7 10. O-O b6 11. cxd5 exd5 12. c4 dxc4 13. Bxc4 cxd4 14. exd4 Na5
15. Bd3 Qxc2 16. Bxc2 a6 17. Ne5 Be6 18. Bd2 Rac8 19. Rac1 Nc4 20. Nxc4 Rxc4
21. Be3 Rfc8 22. Bb1 Rc3 23. Rxc3 Rxc3 24. Bc1 b5 25. Re1 a5 26. h3 Kf8 27. Bb2
Rb3 28. Re2 Bc4 29. Rd2 b4 30. axb4 axb4 31. d5 Nxd5 32. Ba2 Rxb2 33. Rxb2 Bxa2
34. Rxa2 Ke7 35. Kf1 Kd6 36. Ke2 0-1

[Event "Cto. FACV Ind. Preferente Xeraco 2014"]
[Site "Xeraco ESP"]
[Date "2014.11.08"]
[Round "5.4"]
[White "Vanaclocha Llorens, Jose Loren"]
[Black "Frances Saez, Juan Vicente"]
[Result "1/2-1/2"]
[WhiteElo "1899"]
[BlackElo "1985"]
[PlyCount "64"]
[EventDate "2014.09.27"]
[EventType "swiss"]
[EventRounds "7"]
[EventCountry "ESP"]
[Source "lmi"]
[SourceDate "2014.09.27"]

1. e4 c5 2. Nf3 d6 3. d4 cxd4 4. Nxd4 Nf6 5. Nc3 a6 6. Be3 e5 7. Nb3 Be6 8. f3
Be7 9. Qd2 O-O 10. O-O-O a5 11. Bb5 Na6 12. Qf2 Qc8 13. Bb6 Nb4 14. Kb1 d5 15.
a3 d4 16. axb4 dxc3 17. bxa5 Bxb3 18. cxb3 Bb4 19. Rc1 Bxa5 20. Bc5 Rd8 21.
bxc3 Qe6 22. Qb2 Bb6 23. Bb4 Nd7 24. Rcd1 Nc5 25. Bc4 Qc6 26. Rxd8+ Rxd8 27.
Qc2 h5 28. Rd1 Qc7 29. Rxd8+ Qxd8 30. Bxc5 Bxc5 31. Qd3 Qxd3+ 32. Bxd3 Kf8
1/2-1/2

[Event "Cto. FACV Ind. Preferente Xeraco 2014"]
[Site "Xeraco ESP"]
[Date "2014.11.08"]
[Round "5.5"]
[White "Canamas Soler, Jose Vicente"]
[Black "Sendra Tormo, Juan"]
[Result "1-0"]
[WhiteElo "1955"]
[BlackElo "1836"]
[PlyCount "83"]
[EventDate "2014.09.27"]
[EventType "swiss"]
[EventRounds "7"]
[EventCountry "ESP"]
[Source "lmi"]
[SourceDate "2014.09.27"]

1. Nf3 c5 2. g3 d5 3. Bg2 Nf6 4. O-O Nc6 5. d4 cxd4 6. Nxd4 e5 7. Nxc6 bxc6 8.
c4 Be6 9. Nc3 Qd7 10. Qa4 Rc8 11. Rd1 d4 12. Bg5 Be7 13. e3 c5 14. Nb5 O-O 15.
Qxa7 Qxa7 16. Nxa7 Rc7 17. Nb5 Rd7 18. b3 h6 19. Bxf6 Bxf6 20. a4 dxe3 21. fxe3
Rxd1+ 22. Rxd1 Bd8 23. Rd6 Ba5 24. Rc6 Bb4 25. Bd5 Bf5 26. e4 Bg4 27. Nd6 Kh7
28. Kg2 f6 29. Nb7 Rb8 30. Rc7 Bd1 31. Nxc5 Bxc5 32. Rxc5 Rxb3 33. Rb5 Ra3 34.
a5 Ra2+ 35. Kf1 Be2+ 36. Ke1 Bd3 37. Rb3 Bc2 38. Rc3 Bb1 39. c5 Ra4 40. c6 Bxe4
41. Bxe4+ Rxe4+ 42. Kf2 1-0

[Event "Cto. FACV Ind. Preferente Xeraco 2014"]
[Site "Xeraco ESP"]
[Date "2014.11.08"]
[Round "5.6"]
[White "Rodriguez Ferrer, Pablo"]
[Black "Torres Miras, Manuel"]
[Result "1/2-1/2"]
[WhiteElo "2101"]
[BlackElo "1870"]
[PlyCount "114"]
[EventDate "2014.09.27"]
[EventType "swiss"]
[EventRounds "7"]
[EventCountry "ESP"]
[Source "lmi"]
[SourceDate "2014.09.27"]

1. e4 c5 2. Nc3 Nc6 3. g3 d6 4. Bg2 g6 5. d3 Bg7 6. f4 Nf6 7. Nf3 Bg4 8. O-O
O-O 9. h3 Bxf3 10. Qxf3 Nd4 11. Qd1 Rb8 12. Be3 Nd7 13. f5 e6 14. g4 Qh4 15.
Qd2 Be5 16. Bf4 Bxf4 17. Rxf4 Qg5 18. fxe6 Nxe6 19. Rf2 Qxd2 20. Rxd2 f6 21.
Nb5 Ne5 22. c3 a6 23. Na3 Nf4 24. d4 cxd4 25. cxd4 Nc6 26. Re1 b5 27. Nc2 Rfe8
28. h4 h6 29. Bf3 g5 30. e5 d5 31. exf6 Rxe1+ 32. Nxe1 Rd8 33. hxg5 hxg5 34.
Nc2 Kf7 35. Ne3 Kxf6 36. Nf5 Ne7 37. Ne3 Nc6 38. Kf2 Ke6 39. Nf5 Ne7 40. Ng7+
Kf7 41. Nh5 Neg6 42. Rc2 Rd6 43. Rc7+ Ne7 44. Ng3 Kf6 45. Nh5+ Nxh5 46. gxh5
Nf5 47. Rc5 Nxd4 48. Rxd5 Rxd5 49. Bxd5 a5 50. Ke3 Nf5+ 51. Kf3 Ke5 52. Bb7 Kf6
53. a3 b4 54. axb4 axb4 55. Bc8 Nh6 56. b3 Ke5 57. Kg3 Kd4 1/2-1/2

[Event "Cto. FACV Ind. Preferente Xeraco 2014"]
[Site "Xeraco ESP"]
[Date "2014.11.08"]
[Round "5.7"]
[White "Cortell Canet, Miguel"]
[Black "Bonell Selles, Juan"]
[Result "1/2-1/2"]
[WhiteElo "1785"]
[BlackElo "1774"]
[PlyCount "36"]
[EventDate "2014.09.27"]
[EventType "swiss"]
[EventRounds "7"]
[EventCountry "ESP"]
[Source "lmi"]
[SourceDate "2014.09.27"]

1. c4 c5 2. Nf3 e6 3. Nc3 Nc6 4. e4 a6 5. d4 cxd4 6. Nxd4 Qc7 7. Be2 Nf6 8. Be3
Bb4 9. Qc2 Qe5 10. Nxc6 bxc6 11. Bf3 O-O 12. O-O Bb7 13. Ne2 Qc7 14. c5 d6 15.
Rad1 Bxc5 16. Bxc5 dxc5 17. Qxc5 Rfd8 18. Nd4 Nd7 1/2-1/2

[Event "Cto. FACV Ind. Preferente Xeraco 2014"]
[Site "Xeraco ESP"]
[Date "2014.11.08"]
[Round "5.8"]
[White "Serra Ujaldon, Pau"]
[Black "Fenollar Baenas, Nahim"]
[Result "0-1"]
[WhiteElo "1671"]
[BlackElo "1756"]
[PlyCount "55"]
[EventDate "2014.09.27"]
[EventType "swiss"]
[EventRounds "7"]
[EventCountry "ESP"]
[Source "lmi"]
[SourceDate "2014.09.27"]

1. d4 Nf6 2. c4 e6 3. Nc3 Bb4 4. Qc2 c5 5. dxc5 Bxc5 6. Nf3 O-O 7. e3 b6 8. a3
a5 9. Bd3 Bb7 10. Ne4 Nxe4 11. Bxe4 Bxe4 12. Qxe4 Nc6 13. O-O d5 14. cxd5 exd5
15. Qc2 Qf6 16. Rd1 Rfd8 17. Qa4 Ne5 18. Nd4 Qh4 19. h3 Rd6 20. Qc2 Rg6 21. Qf5
Re8 22. Nf3 Nxf3+ 23. Qxf3 Rf6 24. Qg3 Qe4 25. Qg4 Qe5 26. Rb1 Rg6 27. Qf4 Qh5
28. Qf3 0-1

[Event "Cto. FACV Ind. Preferente Xeraco 2014"]
[Site "Xeraco ESP"]
[Date "2014.11.08"]
[Round "5.9"]
[White "Bas Mas, Miguel"]
[Black "Tormo Bas, Gonzalo"]
[Result "1-0"]
[WhiteElo "2099"]
[BlackElo "1792"]
[PlyCount "67"]
[EventDate "2014.09.27"]
[EventType "swiss"]
[EventRounds "7"]
[EventCountry "ESP"]
[Source "lmi"]
[SourceDate "2014.09.27"]

1. Nf3 g6 2. c4 Bg7 3. Nc3 Nf6 4. e3 d6 5. Be2 O-O 6. d4 Nbd7 7. O-O e5 8. Rb1
e4 9. Nd2 Re8 10. Qc2 Qe7 11. b4 c6 12. c5 d5 13. b5 Nf8 14. bxc6 bxc6 15. Qa4
Qc7 16. Ba3 h5 17. Nb3 Ng4 18. Bxg4 hxg4 19. Nxd5 cxd5 20. Qxe8 a5 21. c6 Bb7
22. Qe7 Qxe7 23. Bxe7 Bxc6 24. Rfc1 Bb5 25. Nc5 Bc4 26. Rxc4 dxc4 27. Nxe4 Nd7
28. Bd6 Ra6 29. Ba3 Nb6 30. Kf1 Nd5 31. Rb8+ Kh7 32. Ng5+ Kh6 33. Nxf7+ Kh5 34.
Rb5 1-0